000 00508nam a22001817a 4500
005 20221214100332.0
008 221214b ||||| |||| 00| 0 eng d
040 _cAL
041 _aEnglish
082 _223
_a613.7046
_bSINO
100 _aPhulgenda Sinha
_965847
245 _aOrginal Yoga Sutra of Patanjali
_bwith a History of its Textual Distortion
260 _aVaranasi
_c196
300 _a231 p.
_bPB
_c23x15 cm.
650 _aYoga
_965848
700 _aSINHA (Phulgenda)
_965849
942 _2ddc
_cGF
999 _c225699
_d225699